General Knowledge Quiz #55 - Statistics

General Stats
  • This quiz has been taken 147,508 times
    60,800 since last reset
  • The average score is 12 of 20
Answer Stats
Question Answer % Correct
Which two countries does Mongolia border? China
93%
What is the Spanish equivalent of the name Mary? Maria
92%
Which two countries does Mongolia border? Russia
90%
What collection of children's stories feature a young boy named Mowgli? The Jungle Book
83%
What type of doctor specializes in matters related to the skin? Dermatologist
81%
What is the largest Spanish-speaking country by land area? Argentina
79%
In what city would you find Scotland Yard? London
74%
What does the German word "Hund" mean? Dog
67%
What fictional series takes place in the post-apocalyptic nation of Panem? The Hunger Games
64%
Who was the first person to see the moons of Jupiter? Galileo Galilei
63%
What was the name of the first female smurf? Smurfette
63%
What two words did Ebenezer Scrooge say to express contempt? Bah, humbug
56%
Which reindeer is the first to be mentioned in the song "Rudolph the Red-Nosed Reindeer"? Dasher
53%
In France, if you order viande chevaline, what type of meat will you get? Horse
53%
Who was born near Kraków, Poland in 1920 and canonized in 2014? Pope John Paul II
42%
Who did Rocky Balboa fight in the original Rocky movie? Apollo Creed
40%
Where was Tenzing Norgay on May 29th, 1953? Mt. Everest
38%
Complete the sequence: Chirac, Sarkozy, Hollande, .... Macron
35%
What country is Toussaint Louverture considered to be the father of? Haiti
34%
What medical procedure is also referred to as a lumbar puncture? Spinal tap
34%
No matching quizzes found
Score Distribution
Percent of People with Each Score
Percentile by Number Answered
Your Score History
You have not taken this quiz since the last reset